000 00692nam a22002417a 4500
999 _c10448
_d10448
001 10448
003 BD-JhCC
005 20180428102135.0
008 180428b1964 as ||||| |||| 00| 0 eng d
020 _a0822010577
035 _a(BD-JhCC)10448
040 _aBD-JhCC
_dBD-JhCC
041 _aeng
082 _a823.912
_bLIL 1964
100 _a Lilly Gibbs, Katherine
245 _a A portrait of the artist as a young man : notes ... /
_c Gibbs, Katherine Lilly
260 _aLincoln :
_b Neb. : Cliff's Notes,
_c1964.
300 _a50 p. :
_c22 cm.
650 _aPortrait of the artist as a young man (Joyce, James)
650 _aJoyce, James
942 _2ddc
_cREF